Quiz de Chipre - Statistics

Estatísticas Gerais
  • Esse quiz foi jogado 1 212 vezes
  • A pontuação média é 9 de 16
Estatísticas das Respostas
Pergunta Resposta % Correto
Quais são as línguas oficiais de Chipre? Grego
88%
Quais são as línguas oficiais de Chipre? Turco
88%
Mar fazendo fronteira com Chipre Mar Mediterrâneo
80%
Que império controlou a ilha de 58 a.C. até as Cruzadas? Império Romano / Império Bizantino
78%
Qual é a capital de Chipre? Nicósia
78%
Que império conquistou a ilha em 1570 d.C.? Império Otomano
75%
Que país tem bases militares chamadas Acrotíri e Deceleia na ilha? Reino Unido
63%
Que ramo do cristianismo é praticado por 78% da população? Ortodoxa Grega
62%
Que estado não reconhecido, instalado após a invasão turca de 1974, controla a parte norte do país? Chipre do Norte
55%
Que deusa antiga supostamente nasceu da espuma do mar na costa de Chipre? Afrodite
47%
Quem conquistou a ilha em 333 a.C.? Alexandre, o Grande
44%
Que legume branco da família das Brassica costuma ser considerado proveniente de Chipre? Couve-flor
22%
Qual é a montanha mais alta em Chipre? Monte Olimpo
21%
Que rei cruzado brevemente conquistou a ilha em 1191 d.C.? Ricardo I da Inglaterra
20%
Que peça de Shakespeare, sobre um general mouro, foi ambientada principalmente em Chipre? Otelo
18%
Qual é o apelido da zona-tampão da ONU que separa as duas partes do país? Linha {Verde}
16%
Nenhum quiz correspondente encontrado
Distribuição das Pontuações
Porcentagem de Pessoas com Cada Pontuação
Percentil de Números Respondidos
Sua Pontuação Histórica
Você não jogou esse quiz